[Event "Berlin Kreuzberg op 3th"]
[Site "Berlin"]
[Date "2002.07.06"]
[Round "1"]
[White "Rocher, Nicolas"]
[Black "Kievelitz, Bernd"]
[Result "1/2-1/2"]
[WhiteElo "1743"]
[BlackElo "2131"]
[PlyCount "54"]
[EventDate "2002.07.06"]
[EventType "swiss"]
[EventRounds "9"]
[EventCountry "GER"]
[SourceTitle "EXT 2022"]
[Source "ChessBase"]
[SourceDate "2021.10.06"]
[SourceVersion "1"]
[SourceVersionDate "2021.10.06"]
[SourceQuality "1"]

1. e4 c5 2. Nf3 e6 3. d4 cxd4 4. Nxd4 a6 5. Nc3 Qc7 6. a3 Nf6 7. Be2 b5 8. 0-0 Bb7 9. Bf3 Nc6 10. Nxc6 Bxc6 11. Re1 Bd6 12. Nd5 Bxh2+ 13. Kh1 Qd6 14. g3 Bxg3 15. fxg3 Qxg3 16. Qe2 0-0-0 17. Ne7+ Kb7 18. Nxc6 dxc6 19. Be3 h5 20. c4 Ng4 21. cxb5 axb5 22. Rac1 Rd3 23. e5 Rhd8 24. Rxc6 Nxe3 25. Rd6+ Ka7 26. Rc1 Qh3+ 27. Kg1 Qg3+ 1/2-1/2